000 00747nam a2200181 a 4500
001 000041019
005 20201002034545.0
008 130913s1984 sp 001 0 spa d
020 _a8400056906
040 _aDO-SdBNP
_bspa
_cBNPHU
100 1 _aAguilar Piñal, Francisco
_918884
245 1 3 _aLa Biblioteca de Jovellanos :
_b(1778) /
_cFrancisco Aguilar Piñal.
260 _aMadrid :
_bConsejo Superior de Invesigaciones Científicas :
_bInstituto Miguel de Cervantes,
_c1984.
500 _aIncluye índice
504 _aIncluye referencias bibliográficas y notas al pie de las páginas
700 1 _aJovellanos, Gaspar de,
_d1744-1811.
_921290
710 2 _aConsejo Superior de Invesigaciones Científicas :
_bInstituto Miguel de Cervantes
_967485
999 _c40509
_d40509